Stations de Tramway de Nice (France) - Statistiques

Statistiques générales
  • Ce quiz a été pris 339 fois
    311 depuis la dernière actualisation
  • Le résultat moyen est 25 sur 48
Statistiques - réponses
Réponse % Correct
Jean Médecin
93%
Jean Médecin
93%
Garibaldi
89%
Garibaldi - Le Chateau
89%
Masséna
85%
Port Lympia
74%
Alsace Lorraine
71%
Gare Thiers
70%
Libération
68%
Hopital Pasteur
67%
Magnan
67%
Aéroport Terminal 2
64%
Aéroport Terminal 1
63%
Parc Phoenix
63%
Opéra - Vieille Ville
62%
Henri Sappia
61%
Cathédrale - Vieille Ville
59%
Lenval
59%
Carras
58%
Ferber
58%
Durandy
57%
Acropolis
56%
Fabron
56%
Vauban
56%
Grand Arenas
55%
Stade
54%
Saint Isidore
53%
Borriglione
50%
Le Ray
50%
Palais des Expositions
50%
Valrose Université
47%
Centre Universitaire Méditerranéen
46%
Gorbella
44%
Sainte Hélène
44%
Saint Roch
43%
Comte de Falicon
38%
Pont Michel
38%
Cassin - Kirchner
36%
Digue des Français
31%
Saint Jean d'Angély Université
28%
Paul Montel
26%
CADAM Centre Administratif
24%
Saint Charles
23%
Virgile Barel
22%
Eco Parc
19%
La Plaine
15%
Méridia
15%
Les Arboras Université
13%
Aucun quiz correspondant
Distribution des résultats
% des personnes avec chaque résultat
Percentile par nombre de réponses
Votre historique - résultats
Vous n’avez pas pris ce quiz depuis la dernière actualisation